UK or US Company? Quiz Stats

 Plays Quiz Updated Feb 19, 2019

Support Sporcle.
Go Orange.
Score 0/22 Timer 05:00
6 Plays Today
Question Answer Wrong Answers
Microsoft United States
94.3%
United Kingdom
3.2%
Time Warner United States
91.1%
United Kingdom
6.4%
Barclays United Kingdom
89.8%
United States
7.7%
Cadbury United Kingdom
89.8%
United States
7.7%
The Hershey Company United States
89.5%
United Kingdom
7.9%
Rolls-Royce United Kingdom
88.2%
United States
9.3%
Vodafone United Kingdom
87.1%
United States
10.4%
General Electric United States
86.7%
United Kingdom
10.8%
ExxonMobil United States
85.1%
United Kingdom
12.3%
IBM United States
85%
United Kingdom
12.4%
Chevron United States
83.8%
United Kingdom
13.6%
HSBC United Kingdom
81.1%
United States
16.3%
BP United Kingdom
79.9%
United States
17.6%
DuPont United States
74.3%
United Kingdom
23.1%
Hewlett-Packard United States
74.2%
United Kingdom
23.3%
Citigroup United States
71.6%
United Kingdom
25.8%
Pearson United Kingdom
60.2%
United States
37.2%
PricewaterhouseCoopers United Kingdom
54.1%
United States
43.3%
Ernst & Young United Kingdom
51.7%
United States
45.9%
Contiki Tours United States
47.2%
United Kingdom
50.4%
Rio Tinto United Kingdom
44.8%
United States
52.6%
Holiday Inn United Kingdom
31.6%
United States
66.1%

From the Vault

Tiny Almost Useless Trivia IX

by sproutcm

It's best to digest your knowledge in tiny bites.
Remove Ads.
Support Sporcle.
Get the best of Sporcle when you Go Orange. This ad-free experience offers more features, more stats, and more fun while also helping to support Sporcle. Thank you for becoming a member.

Show Comments

Extras

Top Quizzes Today


Score Distribution

Your Account Isn't Verified!

In order to create a playlist on Sporcle, you need to verify the email address you used during registration. Go to your Sporcle Settings to finish the process.

Report this User

Report this user for behavior that violates our Community Guidelines.

Details: